| 000 | 01060cam a22002894a 4500 | ||
|---|---|---|---|
| 001 | 12540866 | ||
| 003 | ARRUPE | ||
| 005 | 20131022165533.0 | ||
| 008 | 010921s2002 kyu b 000 0 eng | ||
| 010 | _a 2001046838 | ||
| 020 | _a0664224857 (alk. paper) | ||
| 040 |
_aDLC _cDLC |
||
| 042 | _apcc | ||
| 050 | 0 | 0 |
_aBS480 _b.B74 2002 |
| 082 | 0 | 0 |
_a220.1/3 _221 |
| 100 | 1 |
_aBrueggemann, Walter. _92632 |
|
| 245 | 1 | 0 |
_aStruggling with scripture / _cWalter Brueggemann, William C. Placher, Brian K. Blount. |
| 260 |
_aLouisville, KY : _bWestminster John Knox Press, _cc2002. |
||
| 300 |
_av, 69 p. ; _c21 cm. |
||
| 504 | _aIncludes bibliographical references. | ||
| 630 | 0 | 0 |
_aBible _xEvidences, authority, etc. _92633 |
| 700 | 1 |
_aPlacher, William C. _q(William Carl), _d1948- _92634 |
|
| 700 | 1 |
_aBlount, Brian K., _d1955- _92635 |
|
| 906 |
_a7 _bcbc _corignew _d1 _eocip _f20 _gy-gencatlg |
||
| 942 |
_2lcc _cMONOGRAPH |
||
| 999 |
_c118375 _d118375 |
||